|
|
|
|
| LEADER |
00000nam0a2200000 4500 |
| 001 |
92892 |
| 005 |
20231031104917.0 |
| 010 |
|
|
|a 5343002293
|
| 020 |
|
|
|a RU
|b 88-36154
|
| 035 |
|
|
|a (RuTPU)RU\TPU\book\99498
|
| 090 |
|
|
|a 92892
|
| 100 |
|
|
|a 20060321d1988 km y0rusy5003 ca
|
| 101 |
0 |
|
|a rus
|
| 102 |
|
|
|a BY
|
| 105 |
|
|
|a a z 001zy
|
| 200 |
1 |
|
|a Антропогенные изменения торфяно-болотных комплексов
|f И. Г. Тановицкий, Ю. М. Обуховский
|g Академия наук Белорусской ССР; Институт торфа; под ред. Н. Н. Бамбалова
|
| 210 |
|
|
|a Минск
|c Наука и техника
|d 1988
|
| 215 |
|
|
|a 165 с.
|c ил.
|d 21 см
|
| 225 |
1 |
|
|a Человек и среда
|
| 320 |
|
|
|a Библиогр.: с. 159-163 (123 назв.).
|
| 610 |
1 |
|
|a торфяные болота
|
| 610 |
1 |
|
|a охрана
|
| 610 |
1 |
|
|a болотные биогеоценозы
|
| 610 |
1 |
|
|a антропогенные изменения
|
| 610 |
1 |
|
|a болотные экосистемы
|
| 610 |
1 |
|
|a рациональное использование
|
| 610 |
1 |
|
|a торфяные месторождения
|
| 610 |
1 |
|
|a Белоруссия
|
| 610 |
1 |
|
|a Гричино-Старобинский болотный стационар
|
| 675 |
|
|
|a 504.4
|z rus
|v 3
|
| 700 |
|
1 |
|a Тановицкий
|b И. Г.
|g Иван Георгиевич
|4 070
|
| 701 |
|
1 |
|a Обуховский
|b Ю. М.
|g Юрий Максимович
|4 070
|
| 702 |
|
1 |
|a Бамбалов
|b Н. Н.
|4 340
|
| 712 |
0 |
2 |
|a Академия наук Белорусской ССР (АН БССР)
|b Институт торфа (ИТ)
|2 stltpush
|3 (RuTPU)RU\TPU\col\11584
|
| 801 |
|
0 |
|a RU
|b RuMRKP
|c 19950417
|g psbo
|
| 801 |
|
1 |
|a RU
|b 63413507
|c 20060321
|g PSBO
|
| 801 |
|
2 |
|a RU
|b 63413507
|c 20121214
|g PSBO
|
| 942 |
|
|
|c BK
|